[Event "GRE-chT 49th"]
[Site "Thessaloniki"]
[Date "2022.08.15"]
[Round "5"]
[White "Ladopoulos, Dimitrios"]
[Black "Scripcaru, George Daniel"]
[Result "1-0"]
[WhiteElo "2335"]
[BlackElo "2177"]
[PlyCount "99"]
[EventDate "2022.08.12"]
[EventType "team-swiss"]
[EventRounds "7"]
[EventCountry "GRE"]
[SourceTitle "EXT 2024"]
[Source "ChessBase"]
[SourceDate "2023.10.10"]
[SourceVersion "1"]
[SourceVersionDate "2023.10.10"]
[SourceQuality "1"]
[WhiteTeam "Asos Rodou Hippotis"]
[BlackTeam "Volou SE"]
[WhiteTeamCountry "GRE"]
[BlackTeamCountry "GRE"]

1. Nf3 d6 2. d4 Nf6 3. g3 c5 4. Bg2 cxd4 5. Nxd4 g6 6. 0-0 Bg7 7. c4 0-0 8. Nc3 Nbd7 9. b3 Nc5 10. Bb2 Rb8 11. Rb1 Bd7 12. Qd2 a6 13. Rfc1 e5 14. Nc2 Bf5 15. Ra1 Qb6 16. Ne3 Bh6 17. Rd1 Nce4 18. Nxe4 Nxe4 19. Bxe4 Bxe3 20. Qxe3 Qxe3 21. fxe3 Bxe4 22. Rxd6 Rfe8 23. b4 Rbc8 24. Rc1 Rc6 25. Rd7 Rce6 26. b5 f6 27. a4 R8e7 28. Rd8+ Re8 29. Rd2 h5 30. c5 axb5 31. axb5 Kf7 32. Rc4 f5 33. Ra4 Rc8 34. Ba3 h4 35. gxh4 Rh8 36. c6 bxc6 37. b6 Bd5 38. Ra7+ Kf6 39. b7 Rb8 40. Bc5 Ree8 41. Bd6 Ke6 42. Bxb8 Rxb8 43. Rb2 Kd6 44. Ra8 Kc7 45. Rxb8 Kxb8 46. Rb6 Be4 47. Kf2 Bd5 48. Ke1 f4 49. exf4 exf4 50. Kd2 1-0

[Event "FIDE World Uni Rapid-F 1st"]
[Site "Tornelo INT"]
[Date "2021.03.21"]
[Round "11"]
[White "Moreno Herrera, Rodrigo"]
[Black "Scripcaru, George Daniel"]
[Result "1-0"]
[WhiteElo "1633"]
[BlackElo "2170"]
[PlyCount "73"]
[EventDate "2021.03.20"]
[EventType "swiss (rapid)"]
[EventRounds "12"]
[EventCountry "NET"]
[SourceTitle "EXT 2022"]
[Source "ChessBase"]
[SourceDate "2021.10.06"]
[SourceVersion "1"]
[SourceVersionDate "2021.10.06"]
[SourceQuality "1"]

1. d4 Nf6 2. Nc3 e6 3. Bg5 h6 4. Bh4 c5 5. d5 Qb6 6. Bxf6 gxf6 7. Rb1 Bg7 8. e4 0-0 9. Bd3 Na6 10. a3 d6 11. Nge2 Nc7 12. 0-0 f5 13. exf5 exd5 14. Ng3 d4 15. Nh5 dxc3 16. Qg4 Ne8 17. Rfe1 Qd8 18. Rxe8 Qg5 19. Rxf8+ Kxf8 20. Qxg5 hxg5 21. f6 Bh6 22. bxc3 Bg4 23. Ng3 b6 24. Re1 Re8 25. Kf1 Bd7 26. Rxe8+ Kxe8 27. Ne4 d5 28. Nd6+ Kf8 29. Bf5 Be6 30. Bxe6 fxe6 31. Nc8 Kf7 32. Nxa7 Kxf6 33. Nc8 Bf8 34. Nxb6 c4 35. a4 Ke7 36. a5 Kd6 37. a6 1-0

[Event "ROM-chT"]
[Site "Sovata"]
[Date "2018.11.30"]
[Round "7.5"]
[White "Daianu, Cristian Clement"]
[Black "Scripcaru, George Daniel"]
[Result "1/2-1/2"]
[WhiteElo "2160"]
[BlackElo "2176"]
[PlyCount "35"]
[EventDate "2018.11.24"]
[EventType "team-tourn"]
[EventRounds "9"]
[EventCountry "ROU"]
[SourceTitle "CBM 187 Extra"]
[Source "ChessBase"]
[SourceDate "2018.11.04"]
[SourceVersion "1"]
[SourceVersionDate "2018.11.04"]
[SourceQuality "1"]
[WhiteTeam "Otopeni"]
[BlackTeam "Techirghiol Victoria"]
[WhiteTeamCountry "ROU"]
[BlackTeamCountry "ROU"]

1. e4 c6 2. d4 d5 3. f3 dxe4 4. fxe4 e5 5. Nf3 exd4 6. Bc4 Qa5+ 7. c3 d3 8. Qxd3 Nd7 9. 0-0 Nc5 10. Qe2 Ne6 11. Nd4 Nf6 12. e5 Nxd4 13. cxd4 Nd5 14. Nc3 Be6 15. Bg5 h6 16. Bh4 Be7 17. Bxe7 Kxe7 18. Ne4 1/2-1/2

[Event "ROM-chT"]
[Site "Sovata"]
[Date "2018.11.28"]
[Round "5.5"]
[White "Scripcaru, George Daniel"]
[Black "Casangiu, Paul Horatiu"]
[Result "1-0"]
[WhiteElo "2176"]
[BlackElo "2027"]
[PlyCount "83"]
[EventDate "2018.11.24"]
[EventType "team-tourn"]
[EventRounds "9"]
[EventCountry "ROU"]
[SourceTitle "CBM 187 Extra"]
[Source "ChessBase"]
[SourceDate "2018.11.04"]
[SourceVersion "1"]
[SourceVersionDate "2018.11.04"]
[SourceQuality "1"]
[WhiteTeam "Techirghiol Victoria"]
[BlackTeam "Baia Mare Municipiului"]
[WhiteTeamCountry "ROU"]
[BlackTeamCountry "ROU"]

1. d4 d5 2. c4 e6 3. Nc3 Nf6 4. cxd5 exd5 5. Bg5 Be7 6. e3 c6 7. Qc2 0-0 8. Bd3 h6 9. Bh4 Nh5 10. Bxe7 Qxe7 11. Nge2 Nd7 12. 0-0-0 b5 13. g4 Nhf6 14. Rdg1 b4 15. Na4 Nb6 16. g5 hxg5 17. Nc5 Nfd7 18. h4 g4 19. h5 Nxc5 20. dxc5 Nd7 21. h6 g6 22. Bxg6 Qxc5 23. Bh7+ Kh8 24. Rxg4 Qxc2+ 25. Bxc2 a5 26. Rg7 Nf6 27. Rhg1 a4 28. Nf4 b3 29. Nh5 bxc2 30. Nxf6 Bf5 31. h7 Bg6 32. Rg8+ Rxg8 33. hxg8Q+ Rxg8 34. Nxg8 Kxg8 35. Rg4 a3 36. bxa3 Kf8 37. a4 Ke7 38. a5 Bd3 39. Rd4 Ba6 40. Kxc2 Kd6 41. Rf4 Ke6 42. Rb4 1-0

[Event "Francophone-ch 6th"]
[Site "Tirana"]
[Date "2018.09.01"]
[Round "9"]
[White "Scripcaru, George Daniel"]
[Black "Fawzy, Adham"]
[Result "0-1"]
[WhiteElo "2177"]
[BlackElo "2431"]
[PlyCount "62"]
[EventDate "2018.08.26"]
[EventType "swiss"]
[EventRounds "9"]
[EventCountry "ALB"]
[SourceTitle "CBM 186 Extra"]
[Source "ChessBase"]
[SourceDate "2018.08.24"]
[SourceVersion "1"]
[SourceVersionDate "2018.08.24"]
[SourceQuality "1"]

1. d4 Nf6 2. c4 c5 3. d5 e6 4. Nc3 exd5 5. cxd5 d6 6. e4 g6 7. Nge2 h5 8. Bg5 Bg7 9. Qd2 a6 10. g3 Nbd7 11. Bg2 Qb6 12. 0-0 Ne5 13. b3 Bh3 14. f3 Bxg2 15. Kxg2 Nh7 16. Be3 h4 17. Rae1 Nf6 18. Bg5 h3+ 19. Kh1 Qb4 20. Qc2 Nfd7 21. Bd2 c4 22. Na4 cxb3 23. axb3 Qb5 24. Bc3 Rc8 25. Qa2 0-0 26. Nd4 Qd3 27. Rd1 Rxc3 28. Rxd3 Rxd3 29. Ne2 Rc8 30. Qb1 Rd2 31. Nac3 Nd3 0-1

[Event "Arad op 11th"]
[Site "Arad"]
[Date "2018.08.06"]
[Round "3"]
[White "Scripcaru, George Daniel"]
[Black "Bejan, Sergiu"]
[Result "1-0"]
[WhiteElo "2177"]
[BlackElo "1878"]
[PlyCount "51"]
[EventDate "2018.08.05"]
[EventType "swiss"]
[EventRounds "9"]
[EventCountry "ROU"]
[SourceTitle "CBM 185 Extra"]
[Source "ChessBase"]
[SourceDate "2018.07.29"]
[SourceVersion "1"]
[SourceVersionDate "2018.07.29"]
[SourceQuality "1"]

1. d4 d5 2. c4 e6 3. Nc3 Nf6 4. cxd5 exd5 5. Bg5 Be7 6. e3 0-0 7. Bd3 c6 8. Qc2 h6 9. Bh4 b6 10. Nge2 c5 11. dxc5 bxc5 12. Bxf6 Bxf6 13. Nxd5 Bxb2 14. Rd1 Qa5+ 15. Qd2 Qxd2+ 16. Rxd2 Be5 17. Ne7+ Kh8 18. Be4 Nc6 19. Nxc6 Bc7 20. 0-0 Ba6 21. Rc1 Rfe8 22. Bf3 Bb6 23. Nc3 Rac8 24. Na4 Bb5 25. Nxb6 axb6 26. Na7 1-0

[Event "Stari Banovci Vidovdan op"]
[Site "Stari Banovci"]
[Date "2018.06.30"]
[Round "3"]
[White "Kovacevic, Aleksandar"]
[Black "Scripcaru, George Daniel"]
[Result "1/2-1/2"]
[WhiteElo "2493"]
[BlackElo "2156"]
[PlyCount "71"]
[EventDate "2018.06.29"]
[EventType "swiss"]
[EventRounds "9"]
[EventCountry "SRB"]
[SourceTitle "CBM 185 Extra"]
[Source "ChessBase"]
[SourceDate "2018.07.29"]
[SourceVersion "1"]
[SourceVersionDate "2018.07.29"]
[SourceQuality "1"]

1. e4 d5 2. exd5 Qxd5 3. Nc3 Qd8 4. Nf3 Nf6 5. g3 Bg4 6. Bg2 c6 7. h3 Bxf3 8. Bxf3 e6 9. 0-0 Bd6 10. d4 Nbd7 11. Re1 0-0 12. Ne2 Qc7 13. c4 Rad8 14. Qc2 Rfe8 15. Be3 Qb8 16. b4 Rc8 17. Qb3 b5 18. c5 Bf8 19. a4 a6 20. axb5 axb5 21. Ra6 Nd5 22. Bxd5 exd5 23. Rea1 Qc7 24. Ra7 Qd8 25. Rb7 Rb8 26. Rxb8 Qxb8 27. Ra6 Qc8 28. Qa3 Nf6 29. Kg2 h5 30. Ng1 h4 31. gxh4 Ne4 32. Nf3 f6 33. Ra7 Qf5 34. Ra8 Rc8 35. Qa6 Qg6+ 36. Kh2 1/2-1/2

[Event "ROM-chT2"]
[Site "Slanic Moldova"]
[Date "2017.10.01"]
[Round "2.6"]
[White "Miloi, Pavel Dan"]
[Black "Scripcaru, George Daniel"]
[Result "1/2-1/2"]
[WhiteElo "1999"]
[BlackElo "2229"]
[PlyCount "64"]
[EventDate "2017.09.30"]
[EventType "team-tourn"]
[EventRounds "9"]
[EventCountry "ROU"]
[SourceTitle "CBM 181 Extra"]
[Source "ChessBase"]
[SourceDate "2017.12.12"]
[SourceVersion "1"]
[SourceVersionDate "2017.12.12"]
[SourceQuality "1"]
[WhiteTeam "Brasov CSU"]
[BlackTeam "Techirghiol Victoria"]
[WhiteTeamCountry "ROU"]
[BlackTeamCountry "ROU"]

1. e4 c6 2. d4 d5 3. e5 Bf5 4. h4 h5 5. Nf3 e6 6. c4 Nd7 7. Nc3 Ne7 8. cxd5 Nxd5 9. Nxd5 cxd5 10. Qb3 Qb6 11. Bb5 Be7 12. Bd2 Qd8 13. Rc1 0-0 14. a4 Rb8 15. g3 a6 16. Be2 b5 17. axb5 axb5 18. Bb4 Bg4 19. 0-0 Bxb4 20. Qxb4 Qb6 21. Rc3 Rfc8 22. Rfc1 Rxc3 23. Rxc3 Qb7 24. Kg2 Nb6 25. b3 Na8 26. Rc5 Bxf3+ 27. Bxf3 Nc7 28. Qa5 Na6 29. Rc1 g6 30. Be2 Kg7 31. Ra1 Nc7 32. Rc1 Na6 1/2-1/2

[Event "Suwalki Warakomska Memorial-A 1st"]
[Site "Suwalki"]
[Date "2017.08.11"]
[Round "1"]
[White "Scripcaru, George Daniel"]
[Black "Sadzikowski, Daniel"]
[Result "1/2-1/2"]
[WhiteElo "2247"]
[BlackElo "2594"]
[PlyCount "69"]
[EventDate "2017.08.11"]
[EventType "swiss"]
[EventRounds "9"]
[EventCountry "POL"]
[SourceTitle "CBM 180 Extra"]
[Source "ChessBase"]
[SourceDate "2017.10.06"]
[SourceVersion "1"]
[SourceVersionDate "2017.10.06"]
[SourceQuality "1"]

1. d4 Nf6 2. c4 g6 3. Nc3 d5 4. Nf3 Bg7 5. Qb3 dxc4 6. Qxc4 0-0 7. e4 c6 8. Be2 b5 9. Qb3 a5 10. e5 a4 11. Qd1 Nd5 12. Nxd5 Qxd5 13. Be3 f6 14. 0-0 Be6 15. Qc2 Qd7 16. Rfd1 Na6 17. Ne1 Bf5 18. Qc3 Nc7 19. Rac1 Ra6 20. f4 Nd5 21. Qd2 Be4 22. Nd3 Bxd3 23. Bxd3 e6 24. Be4 Rd8 25. Bf2 f5 26. Bf3 Bh6 27. g3 a3 28. b3 Bf8 29. Qe2 Be7 30. Be1 Kh8 31. Kh1 Rg8 32. Bd2 Rd8 33. Be1 Rg8 34. Bd2 Rd8 35. Be1 1/2-1/2

[Event "ROM-ch"]
[Site "Calimanesti Caciulata"]
[Date "2017.04.01"]
[Round "8"]
[White "Antonica, Dragos Andrei"]
[Black "Scripcaru, George Daniel"]
[Result "1-0"]
[WhiteElo "2088"]
[BlackElo "2313"]
[PlyCount "65"]
[EventDate "2017.03.25"]
[EventType "swiss"]
[EventRounds "9"]
[EventCountry "ROU"]
[SourceTitle "CBM 177 Extra"]
[Source "ChessBase"]
[SourceDate "2017.04.27"]
[SourceVersion "1"]
[SourceVersionDate "2017.04.27"]
[SourceQuality "1"]

1. d4 d5 2. Nf3 Nf6 3. e3 c6 4. Nbd2 Bf5 5. Be2 e6 6. 0-0 Nbd7 7. b3 Bd6 8. Bb2 h6 9. c4 0-0 10. Ne5 Bh7 11. Bd3 Bxd3 12. Nxd3 Qc7 13. f4 Ne4 14. Nxe4 dxe4 15. Ne5 Rad8 16. Qg4 f5 17. Qg3 Nf6 18. Ng6 Rf7 19. Ne5 Rff8 20. Rad1 c5 21. Ng6 Rf7 22. d5 exd5 23. cxd5 Qa5 24. Nh4 Qxa2 25. Be5 Ne8 26. Qg6 Qxb3 27. Nxf5 Rxf5 28. Qxf5 Qxe3+ 29. Kh1 Bf8 30. Qe6+ Kh7 31. Qf7 Nd6 32. Qc7 Re8 33. Qd7 1-0

[Event "ROM-ch U20"]
[Site "Baile Felix"]
[Date "2017.02.09"]
[Round "10"]
[White "Scripcaru, George Daniel"]
[Black "Nastase, Robert Paul"]
[Result "1/2-1/2"]
[WhiteElo "2305"]
[BlackElo "2221"]
[PlyCount "29"]
[EventDate "2017.02.02"]
[EventType "tourn"]
[EventRounds "10"]
[EventCountry "ROU"]
[EventCategory "1"]
[SourceTitle "EXT 2018"]
[Source "ChessBase"]
[SourceDate "2017.10.13"]
[SourceVersion "1"]
[SourceVersionDate "2017.10.13"]
[SourceQuality "1"]

1. d4 Nf6 2. c4 c5 3. d5 e6 4. Nc3 exd5 5. cxd5 d6 6. Nf3 g6 7. Nd2 Bg7 8. Nc4 0-0 9. Bg5 Qe7 10. Qd2 b6 11. Qf4 Rd8 12. f3 h6 13. Bxh6 Nh5 14. Qd2 Ba6 15. e4 1/2-1/2

[Event "ROM-ch U20"]
[Site "Baile Felix"]
[Date "2017.02.05"]
[Round "4"]
[White "Scripcaru, George Daniel"]
[Black "Gavrilescu, David"]
[Result "0-1"]
[WhiteElo "2305"]
[BlackElo "2248"]
[PlyCount "46"]
[EventDate "2017.02.02"]
[EventType "tourn"]
[EventRounds "10"]
[EventCountry "ROU"]
[EventCategory "1"]
[SourceTitle "CBM 176 Extra"]
[Source "ChessBase"]
[SourceDate "2017.03.02"]
[SourceVersion "1"]
[SourceVersionDate "2017.03.02"]
[SourceQuality "1"]

1. d4 Nf6 2. c4 e6 3. Nc3 Bb4 4. e3 c5 5. Nge2 d6 6. a3 Ba5 7. Ng3 Nc6 8. Be2 0-0 9. d5 Bxc3+ 10. bxc3 Na5 11. e4 b6 12. Bg5 h6 13. h4 hxg5 14. hxg5 Nh7 15. f4 e5 16. Bd3 g6 17. Nf5 exf4 18. g4 Bxf5 19. gxf5 Qxg5 20. Ra2 Nf6 21. Rah2 Kg7 22. Kf1 f3 23. Qxf3 Rh8 0-1

[Event "ROM-ch U20"]
[Site "Baile Felix"]
[Date "2017.02.03"]
[Round "2"]
[White "Scripcaru, George Daniel"]
[Black "Secheres, Adrian Simion"]
[Result "1-0"]
[WhiteElo "2305"]
[BlackElo "2277"]
[PlyCount "63"]
[EventDate "2017.02.02"]
[EventType "tourn"]
[EventRounds "10"]
[EventCountry "ROU"]
[EventCategory "1"]
[SourceTitle "CBM 176 Extra"]
[Source "ChessBase"]
[SourceDate "2017.03.02"]
[SourceVersion "1"]
[SourceVersionDate "2017.03.02"]
[SourceQuality "1"]

1. d4 Nf6 2. c4 c5 3. d5 e6 4. Nc3 exd5 5. cxd5 d6 6. e4 g6 7. Nge2 Bg7 8. Ng3 0-0 9. Be2 a6 10. a4 Nbd7 11. 0-0 Re8 12. f3 h5 13. Nh1 Nh7 14. Be3 f5 15. Nf2 g5 16. g3 Ne5 17. Qd2 g4 18. f4 Nf7 19. Bd3 Nf6 20. Rae1 b6 21. exf5 Nh6 22. Qc2 c4 23. Bxc4 Nxf5 24. Qd3 h4 25. Bd2 Nh5 26. Re6 Nd4 27. Nxg4 b5 28. Qg6 Bxe6 29. dxe6 Re7 30. Bd5 Qe8 31. Qe4 Rc8 32. f5 1-0

[Event "Corund Ceramica op 2nd"]
[Site "Corund"]
[Date "2016.09.15"]
[Round "3"]
[White "Radnai, Adam"]
[Black "Scripcaru, George Daniel"]
[Result "0-1"]
[WhiteElo "2322"]
[BlackElo "2191"]
[PlyCount "92"]
[EventDate "2016.09.14"]
[EventType "swiss"]
[EventRounds "7"]
[EventCountry "ROU"]
[SourceTitle "CBM 174 Extra"]
[Source "ChessBase"]
[SourceDate "2016.10.10"]
[SourceVersion "1"]
[SourceVersionDate "2016.10.10"]
[SourceQuality "1"]

1. d4 c6 2. Bf4 Nf6 3. e3 d5 4. c4 Qb6 5. Qb3 Bf5 6. Nc3 Na6 7. c5 Qxb3 8. axb3 Nb4 9. Kd2 Ng4 10. Bg3 Kd7 11. Nf3 f6 12. Ra4 a5 13. Be2 e5 14. Rha1 Nc2 15. R1a2 exd4 16. exd4 g6 17. Nh4 Bh6+ 18. f4 Nb4 19. Nxf5 gxf5 20. Ra1 Rhg8 21. Bf3 Rae8 22. Rxa5 Re3 23. R5a4 Rd3+ 24. Kc1 Rxd4 25. Ne2 Nd3+ 26. Kd2 Rxa4 27. bxa4 Nxc5 28. Nd4 Ne5 29. Nxf5 Nxf3+ 30. gxf3 Nb3+ 31. Kc3 Nxa1 32. Nxh6 Re8 33. Ng4 Ke6 34. b3 h5 35. Nf2 Kf5 36. Kb2 Re3 37. Kxa1 Rxb3 38. Ka2 Rxf3 39. Kb2 c5 40. Kc2 Ra3 41. Nd3 Rxa4 42. Kb3 Rc4 43. Nb2 Re4 44. Kc3 b5 45. Bf2 d4+ 46. Kd2 Kxf4 0-1

[Event "Topusko op 5th"]
[Site "Topusko"]
[Date "2016.08.09"]
[Round "5"]
[White "Scripcaru, George Daniel"]
[Black "Hadzi Manev, Ljubomir"]
[Result "1-0"]
[WhiteElo "2172"]
[BlackElo "2010"]
[PlyCount "131"]
[EventDate "2016.08.06"]
[EventType "swiss"]
[EventRounds "9"]
[EventCountry "CRO"]
[SourceTitle "CBM 173 Extra"]
[Source "ChessBase"]
[SourceDate "2016.08.29"]
[SourceVersion "1"]
[SourceVersionDate "2016.08.29"]
[SourceQuality "1"]

1. d4 d5 2. c4 e6 3. Nf3 Be7 4. Nc3 Nf6 5. Bg5 Nbd7 6. e3 c6 7. Rc1 0-0 8. Bd3 h6 9. Bh4 dxc4 10. Bxc4 Nd5 11. Bg3 N7f6 12. 0-0 Nxc3 13. bxc3 b6 14. Qb3 b5 15. Be2 a6 16. Ne5 Bb7 17. c4 Ne4 18. Rfd1 Nxg3 19. hxg3 Qd6 20. Bf3 Rfc8 21. a4 Qa3 22. Qxa3 Bxa3 23. Ra1 b4 24. a5 Bb2 25. Rab1 Bc3 26. Nd3 Rc7 27. c5 Re8 28. Nxb4 e5 29. Rb3 exd4 30. exd4 Re1+ 31. Rxe1 Bxe1 32. Be2 Bd2 33. Nc2 Bxa5 34. Ra3 Bd2 35. Bxa6 Bxa6 36. Rxa6 Kf8 37. Kf1 Ke7 38. Ke2 Bc1 39. f4 g5 40. Nb4 gxf4 41. d5 Kd7 42. Nxc6 fxg3 43. Kf3 Bb2 44. Kxg3 Rc8 45. Ra7+ Ke8 46. Kf4 Kf8 47. Ra2 Bc1+ 48. Ke5 Bg5 49. Kd4 h5 50. Kc4 Rc7 51. Ra8+ Kg7 52. Ra7 Rc8 53. Kb5 Re8 54. d6 Re2 55. Nd4 Rb2+ 56. Kc6 Kg6 57. g3 Bf6 58. d7 Rd2 59. Nb5 Kg5 60. Ra8 Kg4 61. Rg8+ Kh3 62. Nd6 Be7 63. Rg7 Rd3 64. Rxf7 Bd8 65. Nf5 Rf3 66. Kb7 1-0